000 01355nam a2200253Ia 4500
999 _c36885
_d36885
001 2835
003 GE_BSU
005 20190611162020.0
008 181216s2011||||ge |||||||||||||| ||geo||
020 _a9789941173226
040 _cGE_BSU
041 _ageo
080 _a81'374.822=411.21=353.1 ა–65
100 _aანდრონიკაშვილი, მაია
_92407
245 _aარაბულ-ქართული ლექსიკონი :
_bთანამედროვე არაბული ენის საუნივერსიტეტო სახელმძღვანელოსათვის /
_cმაია ანდრონიკაშვილი, ნინო ანთიძე-კახიანი, დარეჯან გარდავაძე ; რედ. ა. სილაგაძე; თსუ.
264 _aთბილისი :
_bუნივერსალი,
_c2011.
300 _a335 გვ.
_b21 სმ.
653 _aლექსიკონი
700 _aანთიძე-კახიანი, ნინო
_eავტორი
_92408
700 _a გარდავაძე, დარეჯან
_eავტორი
_92409
700 _aსილაგაძე, ა.
_eრედაქტორი
_92410
710 _aთსუ
_92411
942 _cBK
_2udc